[Event "RUS-ch rapid"]
[Site "Sochi"]
[Date "2017.09.30"]
[Round "1"]
[White "Murtazin, Ruslan"]
[Black "Artemiev, Vladislav"]
[Result "0-1"]
[WhiteElo "2364"]
[BlackElo "2692"]
[PlyCount "80"]
[EventDate "2017.09.30"]
[EventType "swiss (rapid)"]
[EventRounds "11"]
[EventCountry "RUS"]
[SourceTitle "EXT 2018"]
[Source "ChessBase"]
[SourceDate "2017.10.13"]
[SourceVersion "1"]
[SourceVersionDate "2017.10.13"]
[SourceQuality "1"]

1. e4 c5 2. Nf3 e6 3. d4 cxd4 4. Nxd4 a6 5. Bd3 Nf6 6. 0-0 Qc7 7. Qe2 d6 8. c4 g6 9. Nc3 Bg7 10. h3 0-0 11. Rd1 Nbd7 12. Nf3 b6 13. Bf4 Nh5 14. Bg5 Bb7 15. Rac1 Rfe8 16. Bb1 Rac8 17. Qd2 Bf8 18. b3 Qb8 19. Bh6 Be7 20. Ne2 Ne5 21. Nfd4 Qa8 22. Qe3 Rc5 23. f4 Nd7 24. b4 Rc7 25. f5 exf5 26. exf5 Bh4 27. Ne6 fxe6 28. fxg6 Ndf6 29. g3 Bh1 30. Qf2 Ne4 31. Bxe4 Qxe4 32. Rd4 Qf3 33. Rxh4 hxg6 34. Nd4 Qxf2+ 35. Kxf2 Rf7+ 36. Kg1 Bb7 37. Rg4 e5 38. Nc2 Nf6 39. Be3 Nxg4 40. hxg4 Rh7 0-1

[Event "Tatarstan-ch"]
[Site "Kazan"]
[Date "2017.09.15"]
[Round "1"]
[White "Borisov, Artur"]
[Black "Murtazin, Ruslan"]
[Result "0-1"]
[WhiteElo "1924"]
[BlackElo "2364"]
[PlyCount "62"]
[EventDate "2017.09.15"]
[EventType "swiss"]
[EventRounds "9"]
[EventCountry "RUS"]
[SourceTitle "CBM 180 Extra"]
[Source "ChessBase"]
[SourceDate "2017.10.06"]
[SourceVersion "1"]
[SourceVersionDate "2017.10.06"]
[SourceQuality "1"]

1. c4 Nf6 2. Nf3 g6 3. d4 Bg7 4. g3 0-0 5. Bg2 d6 6. 0-0 Nc6 7. Nc3 Bf5 8. h3 Ne4 9. Nxe4 Bxe4 10. e3 e5 11. d5 Nb8 12. Ne1 Bxg2 13. Nxg2 Nd7 14. Rb1 a5 15. b3 f5 16. f3 b6 17. Qe2 Qg5 18. Kh2 Rae8 19. Qf2 Qh6 20. f4 Nf6 21. Nh4 Rf7 22. Qg2 Rfe7 23. fxe5 Rxe5 24. e4 Qh5 25. Qf3 Rxe4 26. Qxh5 Nxh5 27. Ng2 Re2 28. a3 Rc2 29. Rg1 Be5 30. h4 Nxg3 31. Kh3 Ne2 0-1